000 00311nam a22001337a 4500
008 180905b xxu||||| |||| 00| 0 eng d
020 _a978113957799
041 _aeng
080 _23 ED
_a159.9
100 _a48
101 _aPSI
245 _aSocial Psychology Human Nature
_cBushman.B.J
942 _2udc
_cBK
999 _c47551
_d47551